Modigliani Μοντιλιάνι : ο καταραμένος ζωγράφος
1919, Παρίσι: ο Πρώτος Παγκόσμιος Πόλεμος έχει τελειώσει και η νυχτερινή ζωή έχει γεμίσει με σκοτεινά πάθη και αχαλίνωτες εμμονές. Στο καφε Ροτόντ, το στέκι της ελίτ της τέχνης, ένα τραπέζι δεν μοιάζει με κανένα άλλο στην ιστορία: ο Πικάσο, η Φρίντα Κάλο, ο Ουτρίγιο, ο Κοκτό κι ο Μοντιλιάνι συζητούν...
Αποθηκεύτηκε σε:
| Άλλοι συγγραφείς: | , |
|---|---|
| Μορφή: | |
| Γλώσσα: | English Greek |
| Δημοσίευση: |
Αθήνα :
Prooptiki [εταιρεία διανομής],
[2004]
|
| Θέματα: | |
| Ετικέτες: |
Προσθήκη ετικέτας
Δεν υπάρχουν, Καταχωρήστε ετικέτα πρώτοι!
|
MARC
| LEADER | 00000cgm a2200000 i 4500 | ||
|---|---|---|---|
| 001 | 1/50327 | ||
| 008 | 140701s2004 gr ||| | || ||eng|| | ||
| 035 | |l 10118142 | ||
| 040 | |a GR-MyUa |b gre |e AACR2 | ||
| 041 | 0 | |a eng |j gre | |
| 082 | 7 | |a 791.437 |2 (22) | |
| 245 | 0 | 0 | |a Modigliani |h [μαγνητοσκόπηση] = |b Μοντιλιάνι : ο καταραμένος ζωγράφος / |c written and directed by Mick Davis. |
| 246 | 1 | |i Παράλληλος τίτλος: |a Μοντιλιάνι : |b ο καταραμένος ζωγράφος | |
| 260 | |a Αθήνα : |b Prooptiki [εταιρεία διανομής], |c [2004] | ||
| 300 | |a 1 βιντεοδίσκος (121 λεπτ.) : |b ομίλ., έγχρ. ; |c 4 3/4 ίν. | ||
| 500 | |a Κυκλοφόρησε πρώτη φορά ως κινηματογραφική ταινία το 2004. | ||
| 508 | |a Μοντάζ, Emma E. Hickox ; μουσική, Guy Farley ; διεύθυνση φωτογραφίας, Emmanuel Kadosh. | ||
| 511 | 0 | |a Andy Garcia, Elsa Zylberstein, Hippolyte Girardot, Omid Djalili, Eva Herzigova. | |
| 520 | 8 | |a 1919, Παρίσι: ο Πρώτος Παγκόσμιος Πόλεμος έχει τελειώσει και η νυχτερινή ζωή έχει γεμίσει με σκοτεινά πάθη και αχαλίνωτες εμμονές. Στο καφε Ροτόντ, το στέκι της ελίτ της τέχνης, ένα τραπέζι δεν μοιάζει με κανένα άλλο στην ιστορία: ο Πικάσο, η Φρίντα Κάλο, ο Ουτρίγιο, ο Κοκτό κι ο Μοντιλιάνι συζητούν με πάθος για την τέχνη, τον έρωτα και την επιθυμία. Η δραματική αντιζηλία μεταξύ του Μοντιλιάνι και του Πικάσο, θα στοιχειώσει την καλλιτεχνική παρέα. Η ερωτική τραγωδία που θα ακολουθήσει, θα είναι η μεγαλύτερη στην ιστορία της τέχνης. | |
| 521 | 8 | |a Ακατάλληλο μέχρι 13 χρόνων. | |
| 546 | |a Στα αγγλικά με υπότιτλους στα ελληνικά. | ||
| 600 | 1 | 0 | |a Modigliani, Amedeo, |d 1884-1920 |v Drama. |
| 655 | 7 | |a Feature films |2 lcgft | |
| 700 | 1 | |a Davis, Mick, |d 1961- |e aus |e drt | |
| 700 | 1 | |a Garcia, Andy, |e act | |
| 852 | |a INST |b SYROS |c AV |e 20140701 |h 791.437 DAV |p 005500011512 |q 005500011512 |t DVD |y 23 | ||
| 901 | |a BIBL5-2014-2 | ||
| 922 | |a 5ΕΛΗ |b 201311 |c Βιβλιοθήκη Σύρου |d Videorama | ||
| 970 | |a Κοντού |b Παρασκευή |z 01/07/2014 | ||